00674cam a22002411 4500001001300000003000400013005001700017008004100034010001700075035002000092040001800112042001200130050001900142100002400161245006200185260001100247300001900258500003000277500001300307504003100320600006400351999001700415sa 65006944 DLC20260227112146.0890615s1963 ii b 000 0 urdr  asa 65006944  a(OCoLC)19878544 aDLCcWaUdDLC apremarc00aPK2198.R3bF370 aZamir Hasan,d1940-10aFasānah-yi ʻajāʼib kā tanqīdī mut̤ālaʻah. c[1963] a170 p.c18 cm. aText partially vocalized. aIn Urdu. aBibliographical footnotes.10aRajab, Ali Beg,d1787 (ca)-1867.tFasānah-yi ʻajāʼib. c64949d64949